[Event "Manavgat Turkey Cup"]
[Site "Manavgat"]
[Date "2016.01.31"]
[Round "3"]
[White "Aksoy, Atilla"]
[Black "Karagollu, Ahmet"]
[Result "1/2-1/2"]
[WhiteElo "1767"]
[BlackElo "2113"]
[PlyCount "67"]
[EventDate "2016.01.30"]
[EventType "swiss"]
[EventRounds "11"]
[EventCountry "TUR"]
[SourceTitle "CBM 170 Extra"]
[Source "ChessBase"]
[SourceDate "2016.02.25"]
[SourceVersion "1"]
[SourceVersionDate "2016.02.25"]
[SourceQuality "1"]

1. e4 Nc6 2. Nf3 e5 3. d4 exd4 4. Nxd4 Bc5 5. Nb3 Bb6 6. Nc3 Qf6 7. Qe2 Nge7 8. Be3 0-0 9. 0-0-0 d6 10. g3 Qg6 11. Bg2 f5 12. f4 fxe4 13. Bxe4 Bf5 14. Bxb6 axb6 15. Qc4+ Kh8 16. Bxf5 Nxf5 17. Rhe1 Rae8 18. Nd5 Rxe1 19. Rxe1 Re8 20. Qc3 Rxe1+ 21. Qxe1 Nfd4 22. f5 Nxf5 23. Nxc7 Ne5 24. Qe2 Qf7 25. Nb5 Qd5 26. Nd2 Ne3 27. b3 Qh1+ 28. Kb2 Qg1 29. a3 Nd1+ 30. Ka2 Ne3 31. Nxd6 Qc1 32. Qxe3 Qxc2+ 33. Ka1 Qc1+ 34. Ka2 1/2-1/2

[Event "Manavgat Turkey Cup"]
[Site "Manavgat"]
[Date "2016.01.31"]
[Round "2"]
[White "Karagollu, Ahmet"]
[Black "Basaran, Cahit"]
[Result "1/2-1/2"]
[WhiteElo "2113"]
[BlackElo "1825"]
[PlyCount "60"]
[EventDate "2016.01.30"]
[EventType "swiss"]
[EventRounds "11"]
[EventCountry "TUR"]
[SourceTitle "CBM 170 Extra"]
[Source "ChessBase"]
[SourceDate "2016.02.25"]
[SourceVersion "1"]
[SourceVersionDate "2016.02.25"]
[SourceQuality "1"]

1. e4 e5 2. d4 exd4 3. Qxd4 d6 4. Nc3 Nf6 5. Bd2 Be7 6. 0-0-0 Nc6 7. Qe3 Be6 8. f4 0-0 9. Nf3 a6 10. Ng5 Qc8 11. f5 Bd7 12. g4 Ne5 13. Qh3 Bc6 14. Rg1 b5 15. Nf3 Bxe4 16. Nxe5 dxe5 17. Qe3 Bb7 18. g5 Nd7 19. g6 Bc5 20. Qh3 fxg6 21. fxg6 Nf6 22. gxh7+ Nxh7 23. Rg3 Qxh3 24. Bxh3 Rae8 25. Bh6 Re7 26. Rd7 Rxd7 27. Bxd7 Rf1+ 28. Kd2 Bf8 29. Be6+ Kh8 30. Be3 Rf3 1/2-1/2